Statistiken für Österreichische Bundesregierung Kurz ll

Klicken Sie hier um das Quiz zu spielen!

Allgemein

  • Dieses Quiz wurde 69 mal gespielt
  • Das Durchschnittsergebnis liegt bei 11 aus 18

Antwortstatistiken

Antwort% Korrekt
Sebastian Kurz
100%
Werner Kogler
96%
Karl Nehammer
92%
Gernot Blümel
90%
Alexander Schallenberg
79%
Alma Zadić
79%
Klaudia Tanner
77%
Rudolf Anschober
77%
Heinz Faßmann
73%
Elisabeth Köstinger
63%
Karoline Edtstadler
52%
Susanne Raab
46%
Ulrike Lunacek
44%
Magarete Schramböck
37%
Christine Aschbacher
31%
Leonore Gewessler
29%
Magnus Brunner
29%
Andrea Mayer
12%

Verteilung der Resultate

Perzentil nach korrekt beantworteten Fragen

Anzahl Personen mit jedem Resultat

Ihre Resultats-Entwicklung

Sie haben dieses Quiz noch nicht gespielt